000 00491nam a22001457a 4500
999 _c129977
_d129977
008 191112b ||||| |||| 00| 0 eng d
050 _aHN798.Z9
_bC63
245 _aDespite the odds
_ba collection of case studies on development projects in mozambimbique
_cUNICEF
260 _aMaputo
_bUNICEF
_c1993
300 _a132p. ;
_c26cm.
650 _aCommunity development
_98596
650 _aEconomic development projects
_942601
650 _aRural development
_921327
942 _2lcc
_cMONOGRAPH